| 000 | 01161cam a22003377a 4500 | ||
|---|---|---|---|
| 001 | 6415 | ||
| 003 | FISKH | ||
| 005 | 20250429105934.0 | ||
| 008 | 130131s2010 nyua j 000 0 eng d | ||
| 010 | _a 2012472919 | ||
| 020 | _a9780545321471 (pbk.) | ||
| 020 | _a9780545321471 | ||
| 040 |
_aDAJ _beng _cDAJ _dDLC |
||
| 050 | _aQC981 .K85 | ||
| 082 | _a551.55 | ||
| 100 | 1 |
_aKosara, Tori, _eauthor. |
|
| 245 | 1 | 0 |
_aWild weather around the world / _cby Tori Kosara. |
| 260 |
_aNew York : _bScholastic, _c2010. |
||
| 300 |
_a46 pages : _bcolor illustrations ; _c26 cm |
||
| 520 | _aDescribes how different kinds of weather can be happening at the same time, all across the world. | ||
| 650 | 0 |
_aWeather _vJuvenile literature. |
|
| 650 | 0 |
_aSevere storms _vJuvenile literature. |
|
| 650 | 0 |
_aClimatic extremes _vJuvenile literature. |
|
| 650 | 7 |
_aClimatic extremes. _2fast _0(OCoLC)fst00864275 |
|
| 650 | 7 |
_aSevere storms. _2fast _0(OCoLC)fst01113724 |
|
| 650 | 7 |
_aWeather. _2fast _0(OCoLC)fst01173087 |
|
| 655 | 7 |
_aJuvenile works. _2fast _0(OCoLC)fst01411637 |
|
| 906 |
_a7 _bcbc _ccopycat _d2 _encip _f20 _gy-gencatlg |
||
| 942 |
_2ddc _cBK _n0 |
||
| 999 |
_c6415 _d6415 |
||